Ovplyvňovanie elastických vlastností papiera

Enregistré dans:
Détails bibliographiques
Auteur principal: Chrvalová, Lota (Auteur)
Autres auteurs: Skotnicová, Ida (Directeur de thèse)
Format: Manuscrit Livre
Langue:slovaque
Publié: 2024
Sujets:
Accès en ligne:http://is.stuba.sk/zp/portal_zp.pl?podrobnosti=176561
Tags: Ajouter un tag
Pas de tags, Soyez le premier à ajouter un tag!

MARC

LEADER 00000ntm a22000003a 4500
001 stuzp99287
003 SK-STU
005 20240601210601.4
007 ta
008 150427s2015----xo-----f-mn---000-0-slo-d
040 |a STU  |b slo 
041 0 |a slo 
100 1 |a Chrvalová, Lota  |u 049380  |4 aut  |U FCHPT Ústav prírodných a syntetických polymérov  |T FCHPT Oddelenie dreva, celulózy a papiera  |X 104710  |U C9380  |Y 129  |7 104710 
242 0 1 |a Influencing the elastic properties of paper  |y eng 
245 1 0 |a Ovplyvňovanie elastických vlastností papiera 
260 |c 2024 
650 4 |a relatívne predĺženie  |2 slo 
650 4 |a elastické vlastnosti papiera  |2 slo 
650 4 |a modifikácie pri výrobe papiera  |2 slo 
650 4 |a mikrokrep  |2 slo 
650 4 |a DuraPulp  |2 slo 
650 4 |a elongation  |2 eng 
650 4 |a elastic properties of paper  |2 eng 
650 4 |a modifications in papermaking  |2 eng 
650 4 |a microcrepe  |2 eng 
650 4 |a DuraPulp  |2 eng 
700 1 |a Skotnicová, Ida  |u 049380  |k Z2  |4 ths  |U FCHPT Ústav prírodných a syntetických polymérov  |T FCHPT Oddelenie dreva, celulózy a papiera  |X 107041  |U C9380  |Y 129  |7 107041 
856 4 |u http://is.stuba.sk/zp/portal_zp.pl?podrobnosti=176561